000 00500nam a2200181Ia 4500
008 090122s9999 xx 000 0 und d
082 _b13591
_a891.468
100 _aतरवडे
_bविजय
245 _aयुग्म
260 _bसायली
_c2008
300 _a224
501 _a468/20/09/2008 प्रतिभा बुक डेपो
600 _aतरवडे
630 _aयुग्म
700 _aतरवडे
730 _aयुग्म
942 _cBOOK
999 _c37668
_d37668